000 00385 a2200169 4500
001 157127
020 _a9788568342329
040 _cEscola São Tomás de Aquino
100 _aMACEDO, Julia
240 1 0 _aJulia do lacre do bem
_lpor
245 1 0 _aJulia do lacre do bem
300 _a144 p.
362 0 _a2017
440 1 _aEducore
697 _a*LITERATURA JUVENIL
942 _cBK
999 _c157127
_d157127